000 00506nam a2200169 4500
999 _c510742
_d510742
008 190830b ||||| |||| 00| 0 eng d
100 _aRivera, Lauren A.
_99227
245 _aScaling down inequality: rating scales, gender bias, and the architecture of evaluation
260 _c2019
300 _ap.248-274.
650 _aSex discrimination
_99228
650 _aEmployment
_99229
700 _aTilcsik, Andras
_99230
773 _aAmerican Sociological Review
906 _aWomen
942 _2ddc
_cAR